00338cam a22001097a 4500008004000000082001900040100002600059245007600085260003400161300001100195700002200206180718b1902 xxu||||| |||| 00| 0 eng d aA321 Eng/M (R) aMarch, Francis Andrew aMarch's thesaurus-dictionarycFrancis Andrew March and Francis A. March aNew YorkbHanover Housec1902 a1240p. aMarch, Francis A.